000 00449nam a2200193Ia 4500
005 20250326142809.0
008 250326s9999 xx 000 0 und d
037 _aTextbook
040 _aFMSL
_beng
_cFMSL
041 _aeng
_2eng
084 _qFMSL
100 _aI.L.O
245 0 _aHow to read a balance sheet
_cI.L.O
250 _aEd 2
260 _aI.L.O
_bI.L.O
_c1985
300 _a230p
942 _cTB
999 _c1296678
_d1296678